01874nam a2200241 a 4500001001000000005001700010008004100027041000800068044000700076084002000083100004500103245046600148260003700614300004200651500017500693500048300868500004401351650005201395650005601447650003401503650004501537740005001582BRCA_239320190320203804.0111108s1616----be-#---###---#000-0#spa-u aspa asp a034b.H87c16161 aCervantes Saavedra, Miguel ded1547-161610aSegunda parte del Ingenioso Cavallero Don Quixote de la Manchabdirigida a Don Pedro Fernández de Castro, Conde de Lemos, de Andrade, y de Villalua, Marqués de Saria, Gentilhombre de la Cámara de su Majestad Comendador de la Encomienda de Peñafiel y la Zarza, de la Orden de Alcatara, Virrey, Gobernador, y Capitán General del Reyno de Nápoles, y Presidente del Supremo Consejo de Italiacpor Miguel de Cervantes Saavedra, autor de su primera parte. aBruselasbHumberto Antonioc1616 a1 v. (en varias paginaciones)c18 cm. aContenido : Dedicatoria del autor al Conde de Lemos. Prólogo del autor. Aprovación del Dr. Gutierre de Cetina. Aprovación de M. Joseph Valdivieso. Privilegio. Texto aSegunda edición bruselense de la segunda parte. Suma del Privilegio otorgado por los Príncipes, Alberto e Isabel Eugenia, Duques de Brabante, fecha 4 de febrero de 1616. Los despropósitos, las erratas, y el no figurar en sus páginas una sola variante digna de ser admitida en una edición clásica, la pone muy por debajo de la edición de la primera parte del mismo editor. Lindo ejemplar, encuadernado en fina piel roja, con corte y filetes dorados Lúdovik Osterc aCon ex-libris de : C. H. S. John Hornby14aNovela españolayÉpoca clásica, 1500-170014aLiteratura españolayÉpoca clásica, 1500-170014aNovela españolaySiglo XVII14aDon Quijote (Personaje ficticio)eNovela0 aEl Ingenioso Hidalgo Don Quijote de la Mancha